Callister's Materials science and engineering : (Record no. 11413)

MARC details
000 -LEADER
fixed length control field 01306nac a22002531u 4500
008 - FIXED-LENGTH DATA ELEMENTS--GENERAL INFORMATION
fixed length control field 081214t xxu||||| |||| 00| 0 eng d
010 ## - LIBRARY OF CONGRESS CONTROL NUMBER
LC control number 2005054228
020 ## - INTERNATIONAL STANDARD BOOK NUMBER
International Standard Book Number 8126510765
035 ## - SYSTEM CONTROL NUMBER
System control number (OCoLC)ocm61463872
082 00 - DEWEY DECIMAL CLASSIFICATION NUMBER
Classification number 620.11
Item number CAL
100 ## - MAIN ENTRY--PERSONAL NAME
Personal name Callister, William D.,
9 (RLIN) 4184
245 10 - TITLE STATEMENT
Title Callister's Materials science and engineering :
Remainder of title an introduction /
Statement of responsibility, etc William D. Callister, Jr.,With Special Contributions By David G.Rethwisch.
260 ## - PUBLICATION, DISTRIBUTION, ETC. (IMPRINT)
Place of publication, distribution, etc New Delhi :
Name of publisher, distributor, etc Wiley India,
Date of publication, distribution, etc 2007.
300 ## - PHYSICAL DESCRIPTION
Extent 1 v.:
Other physical details ill. ;
Dimensions 27 cm. +
Accompanying material 1 CD-ROM (4 3/4 in.)
500 ## - GENERAL NOTE
General note Includes index.
504 ## - BIBLIOGRAPHY, ETC. NOTE
Bibliography, etc Includes bibliographical references and index.
650 #0 - SUBJECT ADDED ENTRY--TOPICAL TERM
Topical term or geographic name as entry element Materials.
9 (RLIN) 4185
700 ## - ADDED ENTRY--PERSONAL NAME
Personal name Rethwisch, David G.
9 (RLIN) 4186
856 42 - ELECTRONIC LOCATION AND ACCESS
Materials specified Publisher description
Uniform Resource Identifier <a href="http://www.loc.gov/catdir/enhancements/fy0625/2005054228-d.html">http://www.loc.gov/catdir/enhancements/fy0625/2005054228-d.html</a>
856 42 - ELECTRONIC LOCATION AND ACCESS
Materials specified Table of contents only
Uniform Resource Identifier <a href="http://www.loc.gov/catdir/enhancements/fy0625/2005054228-t.html">http://www.loc.gov/catdir/enhancements/fy0625/2005054228-t.html</a>
942 ## - ADDED ENTRY ELEMENTS (KOHA)
Item type Book - Borrowing
Call number prefix 620.11CAL
Source of classification or shelving scheme Dewey Decimal Classification
Holdings
Withdrawn status Item status Source of classification or shelving scheme Damaged status Not for loan Vendor Home library Current library Shelving location Date acquired Source of acquisition Cost, normal purchase price Serial Enumeration / chronology Total Checkouts Total Renewals Full call number Barcode Date last seen Date last borrowed Koha item type
    Dewey Decimal Classification     Alahram Central Library Central Library First floor 23/04/2009   158.00 361 12 52 620.11 CAL 000015999 15/07/2025 09/11/2023 Book - Borrowing
    Dewey Decimal Classification     Alahram Central Library Central Library First floor 23/04/2009   158.00   2   620.11 CAL 000016002 24/08/2022 03/11/2020 CD | DVD - With book